000
00322nam a2200145Ia 4500
005
20251222144829.0
008
251222s9999||||xx |||||||||||||| ||spa||
020
_a
8428813515
082
_a
200/C78
100
_a
Corbí, Mario
245
0
_a
Religión sin Religión
250
_a
1a. ed.
264
_b
PPC
942
_c
LIB
999
_c
20782
_d
20782